000 00799nam a2200193Ia 4500
003 GCL
008 140319s9999 xx 000 0 ara d
040 _aGCL /
_cGCL
082 0 4 _a212
_bا غ
100 1 _aابن ابى الدنيا : ابوبكر عبدالله بن محمد بن عبيدالله سفيان بن قيس القرشى الامدى
245 1 0 _aالغيبه والنميمة /
_cابن ابى الدنيا : ابوبكر عبدالله بن محمد بن عبيدالله سفيان بن قيس القرشى الامدى
260 _a[S.N] :
_bمكتبة التراث الاسلامى ،
_c1989
300 _a131 ص
490 _a
650 0 4 _aالاسلام
650 0 4 _aالاخلاق الاسلامية
650 0 4 _aالاداب الاسلامية
942 _2ddc
_cBK
999 _c53794
_d53794